| 000 | 00695nam a22001817a 4500 | ||
|---|---|---|---|
| 999 |
_c14928 _d14928 |
||
| 003 | OSt | ||
| 082 | _2631.3 FAS/DE | ||
| 088 | _aP 266 | ||
| 100 |
_aFASEERA A.C _aMIKHAIL P.J _aSWATHA V.S _93690 |
||
| 245 | _aDevelopment and evaluation of pneumatic packaging machine for paddy | ||
| 260 |
_aTavanur 2013 _bKelappaji College of Agricultural Engineering and Technology |
||
| 300 | _a44 | ||
| 500 | _aDevelopment and evaluation of pneumatic packaging machine for paddy | ||
| 520 | _aDevelopment and evaluation of pneumatic packaging machine for paddy | ||
| 700 |
_aDr. P.K Sureshkumar (Guide) _93691 |
||
| 856 | _uhttps://drive.google.com/open?id=1pTarGrKTnVvduaUcFsWtNTFm0wUuDkLP | ||
| 942 | _cPR | ||